[Event "4NCL Online Division 5"]
[Site "online"]
[Date "2020.06.09"]
[Round "10.104"]
[White "Mottram, Paul"]
[Black "Gurjar, Siena"]
[Result "1-0"]
[WhiteElo "1570"]
[BlackElo "1382"]
[PlyCount "85"]
[EventDate "2020.06.09"]
[WhiteTeam "Wigston 2"]
[BlackTeam "Chess Warriors"]

1. d4 d5 2. c4 c6 3. Nc3 Nf6 4. e3 Bf5 5. cxd5 cxd5 6. Qb3 Qd7 7. Nf3 Nc6 8.
Ne5 Qd6 9. Qxb7 Rc8 10. Qxc8+ Bxc8 11. Nxc6 Qxc6 12. Bb5 Bd7 13. Bxc6 Bxc6 14.
Bd2 e6 15. a3 Bd6 16. Rc1 O-O 17. O-O Ng4 18. h3 Nf6 19. Na2 Bb5 20. Rfe1 Ne4
21. Bb4 Bxb4 22. Nxb4 a5 23. Na2 Nd2 24. Rc7 Nc4 25. Nc3 Nxb2 26. Nxb5 Nc4 27.
a4 h6 28. f3 Ra8 29. e4 Nb2 30. exd5 exd5 31. Nc3 Rb8 32. Ra7 Rb3 33. Nxd5 Nxa4
34. Rxa5 Nb2 35. Rb1 Nc4 36. Ra8+ Kh7 37. Rxb3 Nd2 38. Rb7 Nc4 39. Rxf7 Kg6 40.
Raa7 Nd6 41. Rxg7+ Kh5 42. Nf4+ Kh4 43. Rg4# 1-0

[Event "4NCL Online Division 5"]
[Site "online"]
[Date "2020.06.09"]
[Round "10.111"]
[White "Ball, Matthew P"]
[Black "Mead-Herbert, Bradley"]
[Result "1-0"]
[WhiteElo "1750"]
[BlackElo "1555"]
[PlyCount "31"]
[EventDate "2020.06.09"]
[WhiteTeam "Doughnuts of Doom"]
[BlackTeam "Watford 3"]

1. Nf3 b6 2. d4 Ba6 3. Bf4 Nf6 4. Nc3 d6 5. e4 Bxf1 6. Rxf1 Nbd7 7. Qd2 c5 8.
e5 dxe5 9. dxe5 Nh5 10. Be3 g6 11. g4 Ng7 12. O-O-O e6 13. Bh6 Qc7 14. Nb5 Qb7
15. Bxg7 Qxf3 16. Qxd7# 1-0

[Event "4NCL Online Division 5"]
[Site "online"]
[Date "2020.06.09"]
[Round "10.112"]
[White "Demjan, Bogdan"]
[Black "Smith, David W"]
[Result "1-0"]
[WhiteElo "1525"]
[BlackElo "1727"]
[PlyCount "77"]
[EventDate "2020.06.09"]
[WhiteTeam "Watford 3"]
[BlackTeam "Doughnuts of Doom"]

1. d4 Nf6 2. c4 g6 3. Nc3 Bg7 4. e4 d6 5. Bd3 O-O 6. f3 Nbd7 7. Be3 e5 8. Nge2
exd4 9. Bxd4 c5 10. Be3 Ne5 11. O-O Be6 12. Nd5 Bxd5 13. cxd5 Nxd3 14. Qxd3 b5
15. b3 b4 16. Rac1 a5 17. h3 a4 18. Qd2 axb3 19. axb3 Ra3 20. Rb1 Qa5 21. Bh6
Ra8 22. Bxg7 Kxg7 23. Qf4 Qb6 24. g4 c4+ 25. Kg2 Ra2 26. Rf2 c3 27. h4 Rb2 28.
Rc1 Raa2 29. Re1 Qa6 30. Qe3 Rxb3 31. h5 Qc4 32. hxg6 hxg6 33. Rh1 Kf8 34. Rh8+
Ke7 35. Qh6 Nh7 36. Rxh7 Rxe2 37. Qg5+ Ke8 38. Rh8+ Kd7 39. Qd8# 1-0

[Event "4NCL Online Division 5"]
[Site "online"]
[Date "2020.06.09"]
[Round "10.113"]
[White "Ball, Katie C"]
[Black "Nokes, Oliver"]
[Result "1-0"]
[WhiteElo "1532"]
[BlackElo "1350"]
[PlyCount "57"]
[EventDate "2020.06.09"]
[WhiteTeam "Doughnuts of Doom"]
[BlackTeam "Watford 3"]

1. d4 g6 2. Bf4 d6 3. Nc3 Bg7 4. e4 e5 5. dxe5 dxe5 6. Qxd8+ Kxd8 7. O-O-O+ Bd7
8. Bg5+ f6 9. Be3 Nc6 10. Bb5 Ke8 11. Nd5 Rc8 12. Nb4 Nge7 13. Bxa7 b6 14. Na6
Nd4 15. Bxd7+ Kxd7 16. c3 Nec6 17. cxd4 Nxa7 18. dxe5+ Ke6 19. exf6 Bxf6 20.
Nb4 Rcd8 21. Ne2 Bg5+ 22. Kb1 Nb5 23. Nc6 Rd6 24. Nb4 c5 25. Nd5 Ke5 26. f4+
Kxe4 27. Ndc3+ Nxc3+ 28. Nxc3+ Kxf4 29. Rxd6 1-0

[Event "4NCL Online Division 5"]
[Site "online"]
[Date "2020.06.09"]
[Round "10.114"]
[White "Hylands, Keith"]
[Black "Ball, Charlie"]
[Result "0-1"]
[WhiteElo "1382"]
[BlackElo "1555"]
[PlyCount "76"]
[EventDate "2020.06.09"]
[WhiteTeam "Watford 3"]
[BlackTeam "Doughnuts of Doom"]

1. e4 d6 2. d4 Nf6 3. Nc3 Nbd7 4. Nf3 e5 5. a4 a5 6. g3 c6 7. Bg2 Qc7 8. O-O
Be7 9. Nh4 Nf8 10. Nf3 h6 11. Re1 Ng6 12. Be3 h5 13. h4 Ng4 14. Nh2 Nxh2 15.
Kxh2 Bg4 16. Bf3 Bxf3 17. Qxf3 Bf6 18. Rad1 O-O-O 19. Rd3 Qe7 20. d5 Bxh4 21.
dxc6 bxc6 22. Ne2 Bf6 23. Kh3 h4 24. g4 Qe6 25. Qf5 Rde8 26. Rxd6 Qxf5 27. exf5
Ne7 28. Bb6 Nd5 29. Rd1 Nxb6 30. Rxc6+ Kb7 31. Rdd6 Nc8 32. Rxf6 gxf6 33. Rxf6
Rhf8 34. Nc3 Ne7 35. Nb5 Rd8 36. Nd6+ Kb8 37. Nb5 Nd5 38. c4 Nxf6 0-1

[Event "4NCL Online Division 5"]
[Site "online"]
[Date "2020.06.09"]
[Round "10.121"]
[White "Robinson, Brian"]
[Black "Arora, Tashika"]
[Result "1-0"]
[WhiteElo "1750"]
[BlackElo "1787"]
[PlyCount "135"]
[EventDate "2020.06.09"]
[WhiteTeam "Bishop Trojans"]
[BlackTeam "Oxford 4"]

1. d4 Nf6 2. Nf3 d5 3. e3 c5 4. b3 g6 5. Bd3 Bg7 6. O-O O-O 7. Bb2 Nc6 8. Nbd2
cxd4 9. exd4 e6 10. a3 Bd7 11. Qe2 Rc8 12. Rfc1 a6 13. c4 dxc4 14. bxc4 Na5 15.
Bc3 Nc6 16. a4 Rb8 17. Rcb1 Na7 18. Bb4 Re8 19. Bd6 Ra8 20. Rxb7 Bc6 21. Rxa7
Rxa7 22. Bc5 Rb7 23. a5 Nd7 24. Ne4 Bxe4 25. Bxe4 Nxc5 26. dxc5 Bxa1 27. Bxb7
Qxa5 28. c6 Bc3 29. g3 Qc7 30. Bxa6 Qd6 31. Bb5 Rd8 32. Kg2 Ba5 33. Ng5 Qe7 34.
Nf3 Bc7 35. Qe3 Kg7 36. Ne5 Bxe5 37. Qxe5+ f6 38. Qe3 Qd6 39. Qa7+ Kg8 40. Qb7
Qb8 41. Ba6 h5 42. Qxb8 Rxb8 43. c7 Ra8 44. c8=Q+ Rxc8 45. Bxc8 Kf7 46. Kf3 Ke7
47. Ke4 Kd6 48. Ba6 e5 49. Bb5 f5+ 50. Ke3 g5 51. f3 Kc5 52. h3 Kd6 53. g4 hxg4
54. hxg4 f4+ 55. Ke4 Ke6 56. c5 Ke7 57. Kxe5 Kd8 58. Kd6 Kc8 59. c6 Kb8 60. c7+
Kb7 61. Kd7 Kb6 62. Bf1 Kc5 63. c8=Q+ Kd4 64. Qc4+ Ke5 65. Qe4+ Kf6 66. Bd3 Kg7
67. Ke7 Kg8 68. Qh7# 1-0

[Event "4NCL Online Division 5"]
[Site "online"]
[Date "2020.06.09"]
[Round "10.122"]
[White "Neatherway, A Philip"]
[Black "Smith, Peter J"]
[Result "1-0"]
[WhiteElo "1798"]
[BlackElo "1667"]
[PlyCount "63"]
[EventDate "2020.06.09"]
[WhiteTeam "Oxford 4"]
[BlackTeam "Bishop Trojans"]

1. e4 a6 2. d4 h6 3. f4 d6 4. Nf3 c6 5. Bd3 Qc7 6. O-O g5 7. fxg5 hxg5 8. Bxg5
Bg7 9. Nbd2 Nd7 10. Qe2 e5 11. c3 Nf8 12. Bh4 Ng6 13. Bg3 Be6 14. dxe5 dxe5 15.
Ng5 O-O-O 16. Nxe6 fxe6 17. Bc4 Qe7 18. Nf3 Nf4 19. Bxf4 exf4 20. Rad1 Rf8 21.
e5 c5 22. Rd6 Bxe5 23. Qxe5 Nf6 24. Rxe6 Qg7 25. Qxc5+ Kb8 26. Qd6+ Ka8 27. Re7
Qh6 28. Qc7 Rb8 29. Bxa6 Ne8 30. Bxb7+ Ka7 31. Qa5+ Qa6 32. Qxa6# 1-0

[Event "4NCL Online Division 5"]
[Site "online"]
[Date "2020.06.09"]
[Round "10.123"]
[White "Bainbridge, Bryan J"]
[Black "Hobson, Kenneth"]
[Result "0-1"]
[WhiteElo "1570"]
[BlackElo "1825"]
[PlyCount "80"]
[EventDate "2020.06.09"]
[WhiteTeam "Bishop Trojans"]
[BlackTeam "Oxford 4"]

1. e4 e5 2. Nc3 Nc6 3. g3 Nf6 4. Bg2 Bc5 5. d3 d6 6. Na4 Bb6 7. Nxb6 axb6 8. f4
h5 9. Nf3 h4 10. Nxh4 Rxh4 11. gxh4 Ng4 12. Qf3 Nd4 13. Qg3 Nxc2+ 14. Kd1 Nxa1
15. f5 Qd7 16. Qxg4 Qa4+ 17. Ke1 Qc2 18. Qg5 Nb3 19. Qxg7 Qxc1+ 20. Kf2 Qf4+
21. Ke2 Nd4+ 22. Kd1 Rxa2 23. Qg8+ Ke7 24. Qg5+ Qxg5 25. hxg5 Rxb2 26. Bf1 f6
27. h4 Nf3 28. g6 Rd2+ 29. Kc1 Rh2 30. Rxh2 Nxh2 31. Be2 Kf8 32. h5 Kg7 33. Kc2
d5 34. Kc3 c5 35. Kb3 c4+ 36. Kc3 cxd3 37. Kxd3 dxe4+ 38. Kxe4 Bd7 39. Ke3 Bxf5
40. Kf2 Bg4 0-1

[Event "4NCL Online Division 5"]
[Site "online"]
[Date "2020.06.09"]
[Round "10.124"]
[White "Bentham, Sam"]
[Black "Berry, Robert"]
[Result "0-1"]
[WhiteElo "1625"]
[BlackElo "1562"]
[PlyCount "76"]
[EventDate "2020.06.09"]
[WhiteTeam "Oxford 4"]
[BlackTeam "Bishop Trojans"]

1. c4 e5 2. Nc3 Nf6 3. Nf3 Nc6 4. e3 a6 5. d4 d6 6. d5 Ne7 7. e4 h6 8. Be2 Ng6
9. O-O Be7 10. b4 Bd7 11. Bb2 b6 12. Qc2 O-O 13. Rfc1 Nh7 14. Nd1 Ng5 15. Ne3
Nf4 16. Ba3 Nxe2+ 17. Qxe2 Nxe4 18. Nd2 Nxd2 19. Qxd2 Bg5 20. c5 f5 21. cxd6
cxd6 22. Qe1 f4 23. Nc4 f3 24. Nxd6 Bxc1 25. Rxc1 fxg2 26. Qxe5 Qf6 27. Qxf6
Rxf6 28. Nc4 Rc8 29. Ne5 Rxc1+ 30. Bxc1 Bh3 31. Nc4 b5 32. Ne3 Kf7 33. Bb2 Rd6
34. Be5 Rd8 35. d6 Rc8 36. Bb2 Ke6 37. Nxg2 Rc2 38. Nf4+ Kxd6 0-1

[Event "4NCL Online Division 5"]
[Site "online"]
[Date "2020.06.09"]
[Round "10.131"]
[White "Peakman, Jonlee"]
[Black "Chung, Ethan Cheung Jing"]
[Result "1/2-1/2"]
[WhiteElo "1217"]
[BlackElo "1847"]
[PlyCount "85"]
[EventDate "2020.06.09"]
[WhiteTeam "East Kilbride"]
[BlackTeam "Young Dragons"]

1. d4 d5 2. c4 e6 3. Nc3 Nf6 4. cxd5 exd5 5. Bg5 Bb4 6. Nf3 O-O 7. e3 Bg4 8.
Be2 Re8 9. O-O Bxc3 10. bxc3 Nc6 11. h3 Bh5 12. Rb1 Rb8 13. Qa4 Qd6 14. Bf4 Qd7
15. Rfe1 Ne4 16. Qc2 Bg6 17. Bd3 h6 18. c4 a5 19. cxd5 Qxd5 20. Bc4 Qd7 21. Ne5
Nxe5 22. Bxe5 Nd6 23. Qxg6 Rxe5 24. dxe5 Nxc4 25. Qe4 Nd2 26. Red1 Rd8 27. Qxb7
Qa4 28. Qxc7 Nf3+ 29. gxf3 Rxd1+ 30. Rxd1 Qxd1+ 31. Kg2 Qd5 32. a4 g6 33. Qb8+
Kg7 34. Qb5 Qxb5 35. axb5 a4 36. b6 a3 37. b7 a2 38. b8=Q a1=Q 39. Qd6 Qa7 40.
Qd4 Qe7 41. e6+ f6 42. Qd7 Kf8 43. Qd5 1/2-1/2

[Event "4NCL Online Division 5"]
[Site "online"]
[Date "2020.06.09"]
[Round "10.132"]
[White "Wu, Yuxuan"]
[Black "Shrestha, Deepesh"]
[Result "1-0"]
[WhiteElo "1480"]
[BlackElo "1200"]
[PlyCount "107"]
[EventDate "2020.06.09"]
[WhiteTeam "Young Dragons"]
[BlackTeam "East Kilbride"]

1. d4 Nf6 2. c4 c5 3. d5 b5 4. Nc3 bxc4 5. e4 d6 6. Bxc4 Bg4 7. Qa4+ Nbd7 8. f3
Bh5 9. Nh3 g6 10. g4 Nxg4 11. fxg4 Bxg4 12. Nf2 Bf3 13. Rg1 Bg7 14. Bd2 O-O 15.
Be2 Ne5 16. Rg3 Bxe2 17. Nxe2 Qb6 18. Bc3 Rfb8 19. Bxe5 Bxe5 20. Rb3 Qc7 21.
Nd3 Rxb3 22. axb3 Bg7 23. Qc6 Qb8 24. Nc3 a6 25. Rxa6 Rxa6 26. Qxa6 Qxb3 27.
Qc8+ Bf8 28. Qc6 Qc2 29. Qb5 Qxh2 30. Nf2 h5 31. Qf1 Qe5 32. Qe2 h4 33. Qg4 g5
34. Nh3 f6 35. Qf5 Qg3+ 36. Ke2 Qg2+ 37. Nf2 h3 38. Qg6+ Bg7 39. Qe8+ Kh7 40.
Qh5+ Kg8 41. Qxh3 Qxh3 42. Nxh3 Kf7 43. Kf3 Kg6 44. Kg4 Kf7 45. Nd1 e6 46. b3
exd5 47. exd5 Kg6 48. Ne3 Bf8 49. Nf2 Be7 50. Ne4 Kh6 51. Nf5+ Kg6 52. Nxe7+
Kf7 53. Nf5 Kg6 54. Nexd6 1-0

[Event "4NCL Online Division 5"]
[Site "online"]
[Date "2020.06.09"]
[Round "10.133"]
[White "Shrestha, Unnabh"]
[Black "Davies, Milo"]
[Result "0-1"]
[WhiteElo "1084"]
[BlackElo "1420"]
[PlyCount "104"]
[EventDate "2020.06.09"]
[WhiteTeam "East Kilbride"]
[BlackTeam "Young Dragons"]

1. d4 d5 2. Bf4 Bf5 3. e3 e6 4. c3 Nf6 5. h3 h5 6. Nf3 c5 7. Bd3 Bxd3 8. Qxd3
Nc6 9. Nbd2 Bd6 10. Bxd6 Qxd6 11. a3 O-O 12. O-O Rfe8 13. e4 dxe4 14. Nxe4 Nxe4
15. Qxe4 cxd4 16. cxd4 Rad8 17. Rad1 g6 18. Rfe1 Kg7 19. Ne5 Nxe5 20. Qxe5+
Qxe5 21. dxe5 g5 22. Kh2 Kg6 23. Kg3 Kf5 24. h4 g4 25. f3 gxf3 26. gxf3 Rg8+
27. Kf2 a6 28. Rg1 Rxg1 29. Rxg1 Kxe5 30. Re1+ Kf6 31. Re2 Rd4 32. Kg3 b5 33.
Re4 Rxe4 34. fxe4 Ke5 35. Kf3 Kd4 36. Kf4 f6 37. e5 fxe5+ 38. Kg5 e4 39. Kxh5
e3 40. Kg6 e2 41. h5 e1=Q 42. h6 Qg3+ 43. Kf7 Qh4 44. Kg7 Qg5+ 45. Kh7 e5 46.
b3 e4 47. a4 bxa4 48. bxa4 e3 49. a5 e2 50. Kh8 Qxh6+ 51. Kg8 e1=Q 52. Kf7
Qee6# 0-1

[Event "4NCL Online Division 5"]
[Site "online"]
[Date "2020.06.09"]
[Round "10.134"]
[White "Davies, Tom"]
[Black "Tandon, Ashley"]
[Result "0-1"]
[WhiteElo "1405"]
[BlackElo "905"]
[PlyCount "112"]
[EventDate "2020.06.09"]
[WhiteTeam "Young Dragons"]
[BlackTeam "East Kilbride"]

1. c4 Nf6 2. g3 c5 3. Bg2 e6 4. Nf3 d5 5. O-O Be7 6. e3 O-O 7. Nc3 Nc6 8. d3 h6
9. Rb1 d4 10. Ne2 dxe3 11. fxe3 Nb4 12. Ne5 Nxa2 13. Qb3 Nxc1 14. Rfxc1 Qc7 15.
Nf3 e5 16. Ra1 Ng4 17. d4 exd4 18. exd4 cxd4 19. Nfxd4 Bc5 20. h3 Nf6 21. Kh1
Qe5 22. Qd3 Rd8 23. Rd1 Bf5 24. Qc3 Ne4 25. Qe3 Rd7 26. Qf4 Qxf4 27. gxf4 Nf2+
28. Kh2 Nxd1 29. Rxd1 Rad8 30. Bd5 Bg6 31. Ne6 Re8 32. Nxc5 Rxe2+ 33. Kg1 Rde7
34. Nxb7 Rxb2 35. Na5 Rb1 36. Rxb1 Bxb1 37. Nc6 Rc7 38. Ne5 a5 39. Nc6 a4 40.
Na5 a3 41. Nb3 a2 42. Kf1 Ra7 43. Na1 Kf8 44. c5 Rc7 45. c6 Bd3+ 46. Ke1 Bb5
47. Bxa2 Rxc6 48. Nb3 Rc2 49. Bb1 Rh2 50. Bf5 g6 51. Bg4 h5 52. Bc8 Re2+ 53.
Kd1 Rf2 54. Nd4 Bd3 55. f5 Bxf5 56. Ba6 Bxh3 0-1

[Event "4NCL Online Division 5"]
[Site "online"]
[Date "2020.06.09"]
[Round "10.141"]
[White "Butina, Darko"]
[Black "Rizvi, Nasir"]
[Result "0-1"]
[WhiteElo "1465"]
[BlackElo "1989"]
[PlyCount "96"]
[EventDate "2020.06.09"]
[WhiteTeam "Broken Herts 2"]
[BlackTeam "4 Gems"]

1. c4 b6 2. Nf3 Bb7 3. g3 g6 4. Bg2 Bg7 5. Nc3 e6 6. d3 d6 7. O-O Ne7 8. e4 Nd7
9. Rb1 h6 10. Bd2 O-O 11. Qc1 Kh7 12. b4 a6 13. a4 a5 14. b5 Rb8 15. Ne2 Nc5
16. Qc2 f5 17. exf5 Nxf5 18. Bc3 Bxc3 19. Nxc3 Bxf3 20. Bxf3 Nd4 21. Qd1 Rxf3
22. Kg2 Qf6 23. Ne4 Nxe4 24. dxe4 e5 25. Rb2 Rf8 26. Qe1 h5 27. Rb1 Nc2 28. Qe2
Nd4 29. Qd2 h4 30. Rbe1 h3+ 31. Kg1 Rd3 32. Qxd3 Nf3+ 33. Kh1 Nxe1 34. Rxe1
Qxf2 35. Rg1 Qf3+ 36. Qxf3 Rxf3 37. g4 Kh6 38. Rg3 Rxg3 39. hxg3 Kg5 40. Kg1
Kxg4 41. Kf2 h2 42. Kg2 h1=Q+ 43. Kxh1 Kxg3 44. Kg1 Kf4 45. Kf2 Kxe4 46. Ke2
Kd4 47. Kf3 Kxc4 48. Ke4 Kb4 0-1

[Event "4NCL Online Division 5"]
[Site "online"]
[Date "2020.06.09"]
[Round "10.142"]
[White "Whelan, Joseph"]
[Black "Lynch, Mark"]
[Result "1-0"]
[WhiteElo "1358"]
[BlackElo "1472"]
[PlyCount "51"]
[EventDate "2020.06.09"]
[WhiteTeam "4 Gems"]
[BlackTeam "Broken Herts 2"]

1. e4 c6 2. d4 d5 3. e5 c5 4. Bb5+ Bd7 5. Bxd7+ Qxd7 6. Nf3 e6 7. O-O Nc6 8. c3
cxd4 9. cxd4 Bb4 10. Bd2 Bxd2 11. Qxd2 Nge7 12. Qg5 Ng6 13. Nc3 a6 14. b3 Qe7
15. Qxe7+ Ngxe7 16. Na4 Nc8 17. a3 b5 18. Nc5 Ra7 19. Rfc1 O-O 20. Nxe6 fxe6
21. Rxc6 Rxf3 22. gxf3 Ra8 23. Rxe6 Kf7 24. Rc6 Ne7 25. Rc7 Kg6 26. Rxe7 1-0

[Event "4NCL Online Division 5"]
[Site "online"]
[Date "2020.06.09"]
[Round "10.143"]
[White "Williams, Graham"]
[Black "Gogia, Abeer"]
[Result "1/2-1/2"]
[WhiteElo "1435"]
[BlackElo "1412"]
[PlyCount "48"]
[EventDate "2020.06.09"]
[WhiteTeam "Broken Herts 2"]
[BlackTeam "4 Gems"]

1. d4 d5 2. c4 e6 3. cxd5 exd5 4. Nf3 Nf6 5. e3 Bf5 6. Bd3 Bg6 7. Nc3 Nc6 8. a3
Bd6 9. Bxg6 hxg6 10. b4 a6 11. h3 Qd7 12. Qb3 Ne7 13. Bd2 c6 14. Na4 Qc7 15.
Rc1 b5 16. Nc5 Bxc5 17. Rxc5 Qd7 18. Ne5 Qe6 19. f3 Nd7 20. Nxd7 Qxd7 21. Ke2
Qe6 22. g4 Rc8 23. Qc2 Qd6 24. f4 Qe6 1/2-1/2

[Event "4NCL Online Division 5"]
[Site "online"]
[Date "2020.06.09"]
[Round "10.144"]
[White "Whelan, Sean"]
[Black "Huhn, Robert M"]
[Result "0-1"]
[WhiteElo "1267"]
[BlackElo "1412"]
[PlyCount "86"]
[EventDate "2020.06.09"]
[WhiteTeam "4 Gems"]
[BlackTeam "Broken Herts 2"]

1. d4 d5 2. Bf4 c5 3. c3 Nc6 4. e3 Nf6 5. h3 Qb6 6. Qc1 Bf5 7. Be2 cxd4 8. cxd4
e6 9. Nf3 Bb4+ 10. Nbd2 O-O 11. a3 Be7 12. b4 Ne4 13. g4 Bg6 14. h4 Rfc8 15.
Qb2 Nxd2 16. Nxd2 h6 17. Nb3 Nxb4 18. axb4 Qxb4+ 19. Kf1 Rc2 20. Qb1 Rxe2 21.
Qd1 Qc4 22. Nd2 Rxd2+ 23. Kg2 Rxd1 24. Raxd1 Be4+ 25. f3 Qc2+ 26. Kg3 Bh7 27.
Rc1 Qe2 28. Rhe1 Qa6 29. Ra1 Qc6 30. Rec1 Qd7 31. h5 Bd6 32. Ra5 Bxf4+ 33. exf4
b6 34. Ra3 Qb5 35. Rac3 Qd7 36. Rc7 Qd8 37. R1c6 Bd3 38. Rc1 Bc4 39. R7xc4 dxc4
40. Rxc4 Rc8 41. Ra4 Qd7 42. Kh3 Rc3 43. Kg3 Qxa4 0-1

[Event "4NCL Online Division 5"]
[Site "online"]
[Date "2020.06.09"]
[Round "10.151"]
[White "Will, Douglas"]
[Black "Valentine, Tim"]
[Result "1-0"]
[WhiteElo "1828"]
[BlackElo "1712"]
[PlyCount "75"]
[EventDate "2020.06.09"]
[WhiteTeam "Grangemouth Giants"]
[BlackTeam "Battersea Pawnbreakers"]

1. e4 c5 2. Nc3 Nc6 3. f4 g6 4. Nf3 Bg7 5. Bb5 Nd4 6. Bd3 d6 7. Nxd4 cxd4 8.
Ne2 e5 9. O-O Nf6 10. c3 dxc3 11. bxc3 O-O 12. Rb1 Qc7 13. Ba3 Bd7 14. fxe5 Ng4
15. Bxd6 Qd8 16. Bxf8 Qh4 17. h3 Bxe5 18. Qe1 Qh5 19. Nf4 Bxf4 20. Rxf4 Ne5 21.
Be2 Qg5 22. Qf2 Rxf8 23. d4 Nc6 24. Rxb7 Be8 25. h4 Qa5 26. Bc4 Nd8 27. Rb4 Nc6
28. Rb3 Qc7 29. Bd5 Na5 30. Ra3 Nc6 31. h5 Nxd4 32. cxd4 Qc1+ 33. Kh2 Qxa3 34.
hxg6 hxg6 35. Qh4 Kg7 36. Qf6+ Kg8 37. Qxg6+ Kh8 38. Rh4# 1-0

[Event "4NCL Online Division 5"]
[Site "online"]
[Date "2020.06.09"]
[Round "10.152"]
[White "Hunt, Arnold"]
[Black "Sandham, Alasdair"]
[Result "1/2-1/2"]
[WhiteElo "1562"]
[BlackElo "1361"]
[PlyCount "77"]
[EventDate "2020.06.09"]
[WhiteTeam "Battersea Pawnbreakers"]
[BlackTeam "Grangemouth Giants"]

1. d4 d5 2. c4 e6 3. Nc3 Nf6 4. Bg5 Be7 5. e3 h6 6. Bh4 O-O 7. Rc1 Nbd7 8. Bd3
dxc4 9. Bxc4 a6 10. Nf3 b5 11. Bd3 Bb7 12. a3 c5 13. O-O Rc8 14. Re1 Qc7 15.
Bg3 Qc6 16. e4 Nh5 17. d5 exd5 18. exd5 Qf6 19. Ne5 Nxe5 20. Bxe5 Qg5 21. Be4
Nf4 22. Qf3 Ng6 23. Bg3 b4 24. Na4 Rfd8 25. Nb6 bxa3 26. bxa3 Nh4 27. Bxh4 Qxh4
28. Nxc8 Bxc8 29. Bf5 Bb7 30. Be4 Qg5 31. Rcd1 c4 32. Rd4 Bf6 33. Rxc4 Bxd5 34.
Bxd5 Qxd5 35. Qxd5 Rxd5 36. Ra4 a5 37. Rae4 Rd2 38. R4e2 Rd3 39. h3 1/2-1/2

[Event "4NCL Online Division 5"]
[Site "online"]
[Date "2020.06.09"]
[Round "10.153"]
[White "Fowler, David A"]
[Black "Krovvidi, Raja"]
[Result "0-1"]
[WhiteElo "1161"]
[BlackElo "1495"]
[PlyCount "92"]
[EventDate "2020.06.09"]
[WhiteTeam "Grangemouth Giants"]
[BlackTeam "Battersea Pawnbreakers"]

1. e4 e5 2. Nf3 Nc6 3. c3 d6 4. d4 Bg4 5. d5 Nb8 6. h3 Bh5 7. Be2 Ne7 8. Be3
Nd7 9. O-O h6 10. c4 g5 11. g4 Bg6 12. Nc3 Bg7 13. Nd2 O-O 14. Qb3 b6 15. a4
Nc5 16. Qa2 a5 17. Rab1 Bh7 18. b4 axb4 19. Rxb4 Ng6 20. f3 Nf4 21. Bxf4 gxf4
22. Rb2 Qh4 23. Rf2 Qxh3 24. Nf1 Qh4 25. Rh2 Qe7 26. Nd2 Bg6 27. Nb3 h5 28.
Nxc5 dxc5 29. gxh5 Qg5+ 30. Rg2 Qxh5 31. Bf1 Qxf3 32. Rb3 Qe3+ 33. Kh1 Qh3+ 34.
Kg1 Qd7 35. Qf2 Rfd8 36. Be2 Kf8 37. Qh4 Qe7 38. Qg4 Bf6 39. Nb5 Rxa4 40. Rh3
Qd7 41. Qf3 Bxe4 42. Qxe4 Qxh3 43. Bg4 Ra1+ 44. Kf2 Qh4+ 45. Kf3 Rf1+ 46. Ke2
Re1+ 0-1

[Event "4NCL Online Division 5"]
[Site "online"]
[Date "2020.06.09"]
[Round "10.154"]
[White "Blackwell, David"]
[Black "Whitton, Nicholas"]
[Result "1/2-1/2"]
[WhiteElo "1307"]
[BlackElo "1032"]
[PlyCount "47"]
[EventDate "2020.06.09"]
[WhiteTeam "Battersea Pawnbreakers"]
[BlackTeam "Grangemouth Giants"]

1. e4 c5 2. Nc3 Nc6 3. f4 e5 4. fxe5 Nxe5 5. Nf3 Nxf3+ 6. Qxf3 Be7 7. g3 Nf6 8.
d3 d6 9. Be2 Bg4 10. Qf2 Qa5 11. Bd2 O-O-O 12. Bxg4+ Nxg4 13. Qe2 Nf6 14. Nd5
Qb5 15. Nxe7+ Kb8 16. Bc3 Qd7 17. Nd5 Nxd5 18. Qd2 Nxc3 19. Qxc3 Qg4 20. Kd2
Qg5+ 21. Ke2 Qg4+ 22. Kd2 Qg5+ 23. Ke2 Qg4+ 24. Kd2 1/2-1/2

[Event "4NCL Online Division 5"]
[Site "online"]
[Date "2020.06.09"]
[Round "10.161"]
[White "Brown, Geoffrey D"]
[Black "Johal, Amrissa Kaur"]
[Result "0-1"]
[WhiteElo "1726"]
[BlackElo "1382"]
[PlyCount "74"]
[EventDate "2020.06.09"]
[WhiteTeam "Darnall & Handsworth"]
[BlackTeam "Warwickshire Bears D"]

1. e4 e5 2. d4 Nc6 3. f4 d6 4. Nf3 Nf6 5. Nc3 Bg4 6. Bb5 Bxf3 7. Bxc6+ bxc6 8.
Qxf3 exd4 9. e5 dxc3 10. exf6 d5 11. Qxc3 Qxf6 12. Qxf6 gxf6 13. Be3 Kd7 14.
Kf2 Bd6 15. Rhe1 Rhe8 16. g3 a6 17. Kf3 f5 18. Rad1 Rab8 19. b3 h5 20. Bd4 Rxe1
21. Rxe1 Re8 22. Rxe8 Kxe8 23. h3 Ke7 24. Bf2 Ke6 25. g4 fxg4+ 26. hxg4 hxg4+
27. Kxg4 f5+ 28. Kg5 Be7+ 29. Kh5 Bd6 30. Kg5 c5 31. c3 c6 32. Be3 c4 33. b4
Bc7 34. Bd4 a5 35. a3 a4 36. Bc5 Bd8+ 37. Kg6 Bf6 0-1

[Event "4NCL Online Division 5"]
[Site "online"]
[Date "2020.06.09"]
[Round "10.162"]
[White "He, Tom Junde"]
[Black "Brennan, Oliver"]
[Result "0-1"]
[WhiteElo "1397"]
[BlackElo "1712"]
[PlyCount "222"]
[EventDate "2020.06.09"]
[WhiteTeam "Warwickshire Bears D"]
[BlackTeam "Darnall & Handsworth"]

1. e4 e5 2. Nf3 Nc6 3. Bc4 Nf6 4. Nc3 Be7 5. O-O d6 6. h3 O-O 7. d3 Be6 8. Nd5
Qd7 9. c3 Na5 10. Nxe7+ Qxe7 11. Bxe6 fxe6 12. b4 Nc6 13. a4 Rae8 14. b5 Nd8
15. c4 Nd7 16. a5 b6 17. a6 Nc5 18. Bg5 Qf7 19. Bxd8 Rxd8 20. Qe2 Qf4 21. Rfe1
Rf6 22. Rad1 Rdf8 23. Qe3 h6 24. Qxf4 Rxf4 25. Re3 g5 26. Rd2 Kg7 27. Nh2 h5
28. Rg3 Kh6 29. f3 Nd7 30. h4 gxh4 31. Rh3 Rg8 32. Kf2 Nc5 33. Nf1 Nb3 34. Rd1
Nd4 35. Ne3 Kg5 36. Rdh1 Rc8 37. Rc1 c6 38. bxc6 Rxc6 39. Ra1 Nb3 40. Ra3 Nc5
41. g3 hxg3+ 42. Rxg3+ Kh6 43. Rh3 Rc8 44. Ng2 Rf7 45. Rg3 Rcf8 46. Ke3 Rg7 47.
Rxg7 Kxg7 48. d4 Nd7 49. d5 exd5 50. exd5 Rh8 51. Ra1 h4 52. Rh1 h3 53. Ne1 Nc5
54. f4 exf4+ 55. Kxf4 Kf6 56. Nf3 Nd3+ 57. Kg3 Nc5 58. Rf1 Ke7 59. Nd4 Nxa6 60.
Nc6+ Ke8 61. Nxa7 h2 62. Rh1 Kd7 63. Rxh2 Rxh2 64. Kxh2 Nc5 65. Nb5 Nd3 66. Kg3
Ne5 67. Na3 Kc7 68. Kf4 Kd7 69. Kf5 Ke7 70. Kg5 Kf7 71. Kf5 Nd3 72. Nb5 Ke7 73.
Kg6 Ne5+ 74. Kf5 Nxc4 75. Nc3 Na3 76. Ke4 Kf6 77. Kd4 b5 78. Ne4+ Ke7 79. Nc3
b4 80. Na4 Kf6 81. Nb2 Kf5 82. Nc4 Nxc4 83. Kxc4 Ke4 84. Kxb4 Kd4 85. Kb3 Kxd5
86. Kc3 Ke4 87. Kd2 Kd4 88. Ke2 Kc3 89. Ke3 d5 90. Ke2 d4 91. Kd1 Kd3 92. Kc1
Ke2 93. Kc2 d3+ 94. Kc1 d2+ 95. Kb2 d1=R 96. Kc2 Rd8 97. Kc3 Ke3 98. Kc4 Ke4
99. Kc5 Rd1 100. Kb4 Kd4 101. Kb3 Rc1 102. Kb2 Rc8 103. Kb3 Rc7 104. Kb4 Rb7+
105. Ka5 Kc4 106. Ka6 Rb1 107. Ka5 Rb2 108. Ka6 Kc5 109. Ka7 Kc6 110. Ka8 Kc7
111. Ka7 Ra2# 0-1

[Event "4NCL Online Division 5"]
[Site "online"]
[Date "2020.06.09"]
[Round "10.163"]
[White "Chatterton, Craig"]
[Black "Nasibova, Margarita"]
[Result "1-0"]
[WhiteElo "1622"]
[BlackElo "1360"]
[PlyCount "89"]
[EventDate "2020.06.09"]
[WhiteTeam "Darnall & Handsworth"]
[BlackTeam "Warwickshire Bears D"]

1. d4 Nf6 2. c4 g6 3. Nc3 Bg7 4. e4 d6 5. Nf3 Nbd7 6. Be2 O-O 7. O-O e5 8. d5
Nc5 9. Qc2 c6 10. b4 Ncd7 11. dxc6 bxc6 12. Rd1 Qc7 13. Rb1 c5 14. Nb5 Qc6 15.
Nxd6 cxb4 16. Rxb4 Nc5 17. Nxe5 Qc7 18. f3 a5 19. Rb1 Nfd7 20. Nxd7 Nxd7 21.
Nxc8 Raxc8 22. Ba3 Rfe8 23. Qa4 Ne5 24. Bd6 Qa7+ 25. Kh1 Nc6 26. c5 Red8 27. f4
Nb8 28. Bg4 Nd7 29. Bxd7 Rxd7 30. h3 Rcd8 31. Qc4 Bf8 32. e5 Rb7 33. Rxb7 Qxb7
34. e6 Bxd6 35. exf7+ Kf8 36. Rxd6 Rxd6 37. cxd6 Qxf7 38. Qc8+ Qe8 39. Qc3 Qd7
40. Qh8+ Kf7 41. Qxh7+ Ke6 42. Qxg6+ Kd5 43. Qd3+ Kc6 44. Qc4+ Kb6 45. Qc7+ 1-0